Chaîne de drapeaux sur la carte du monde - Statistiques

Statistiques générales
  • Ce quiz a été pris 57 243 fois
  • Le résultat moyen est 6 sur 10
Réponses sur la Carte
Les réponses sont colorées sur une échelle allant du rouge au vert en fonction du pourcentage des utilisateurs qui les ont devinées à leur premier essai. Vous pouvez retrouver ces pourcentages ci-dessous.
 
Statistiques - réponses
Pays % Correct
États-Unis
100%
Australie
78%
Japon
73%
Allemagne
69%
Afrique du Sud
67%
Argentine
65%
Hongrie
53%
Kenya
43%
Algérie
35%
Singapour
30%
Aucun quiz correspondant
Distribution des résultats
% des personnes avec chaque résultat
Percentile par nombre de réponses
Votre historique - résultats
Vous n’avez pas pris ce quiz